| 000 | 00638nam a22001937a 4500 | ||
|---|---|---|---|
| 003 | BD-DhUL | ||
| 005 | 20160829170638.0 | ||
| 008 | 160829s1983 bg ||||| |||| 00| 0 ben | ||
| 040 |
_aBD-DhUL _cBD-DhUL |
||
| 082 |
_a915.4142 _bATK |
||
| 100 | 1 | _aঅতুল সুর | |
| 245 | 1 | 0 |
_aকলকাতার চালচিত্র / _cঅতুল সুর |
| 260 |
_aকলিকাতা : _bসাহিত্যলোক, _c১৯৮৩ |
||
| 300 |
_a১৫৯ পৃ. ; _c২২ সেমি. |
||
| 365 |
_aIRs _b15 |
||
| 650 | 0 | _aকলকাতার - ইতিহাস | |
| 650 | 0 | _aKolkata - History | |
| 942 |
_2ddc _cBK |
||
| 999 |
_c102496 _d102496 |
||